|
|
|
|
| LEADER |
00000nab a2200000 a 4500 |
| 001 |
vtls000752543 |
| 003 |
SK-MaSNL |
| 005 |
20260304025154.0 |
| 008 |
160405c2000 xo 0 slo |
| 015 |
|
|
|a SNBRB2001/03-08253
|
| 035 |
|
|
|a CLN000104331
|
| 040 |
|
|
|a SNKBUCL
|b slo
|c SNKBUCL
|e AACR2
|
| 041 |
0 |
|
|a slo
|
| 044 |
|
|
|a xo
|c SK
|
| 080 |
|
|
|a 614.27(437.6)"1999"
|2 1997
|
| 080 |
|
|
|a 614.35(437.6)
|2 1997
|
| 080 |
|
|
|a 615.2
|2 1997
|
| 100 |
1 |
|
|a Foltán, Viliam,
|d 1946-
|4 aut
|9 215600
|
| 245 |
1 |
0 |
|a Štátny ústav pre kontrolu liečiv
|b hodnotenie spotreby liekov v roku 1999
|c V. Foltán
|
| 300 |
|
|
|b Tab.
|
| 648 |
|
7 |
|a 1999
|2 snkbucl
|9 266597
|
| 650 |
0 |
7 |
|a lieky
|2 snkbucl
|9 2515
|
| 650 |
0 |
7 |
|a spotreba liekov
|2 snkbucl
|9 222769
|
| 655 |
|
7 |
|a články z novín a časopisov
|2 snkbucl
|9 267496
|
| 773 |
0 |
|
|t RECIPE
|g Roč. 7, č. 1 (2000), s. 31-32
|
| 850 |
|
|
|a Slovenská národná knižnica v Martine
|
| 852 |
|
|
|a SNK
|b KIS3GCP
|
| 958 |
|
|
|a MI
|
| 958 |
|
|
|a SK
|
| 958 |
|
|
|a RBX
|
| 999 |
|
|
|c 2625760
|d 2627690
|